[Event "European Youth Chess Championship B16"]
[Site "Prague, Top Hotel Prague"]
[Date "2012.08.20"]
[Round "4.36"]
[White "Jozefek, Michal"]
[Black "Ragnarsson, Dagur"]
[Result "1-0"]
[WhiteElo "2081"]
[BlackElo "1913"]
[PlyCount "115"]
[EventDate "2012.08.17"]

1. d4 d5 2. c4 e6 3. Nc3 c5 4. cxd5 exd5 5. Nf3 Nc6 6. g3 Nf6 7. Bg2 Be7 8. O-O
O-O 9. dxc5 Bxc5 10. Na4 Be7 11. Be3 Bg4 12. Nd4 Qa5 13. Nc3 Rad8 14. a3 Ne5
15. b4 Qa6 16. Bf4 Bd6 17. h3 Be6 18. Ncb5 Nc4 19. Nxd6 Nxd6 20. a4 Qc4 21. b5
Nde4 22. Be3 Nc3 23. Qd3 Qb4 24. Nc2 Qc4 25. Rfe1 Nfe4 26. Qxc4 dxc4 27. Bd4
Bf5 28. Bxc3 Nxc3 29. Ne3 Be6 30. Bxb7 Bxh3 31. Ra3 Nxe2+ 32. Rxe2 Be6 33. Rc3
Rd3 34. Rec2 Rb8 35. Be4 Rd4 36. Bc6 h5 37. a5 Rbd8 38. Nxc4 h4 39. b6 axb6 40.
a6 Bf5 41. a7 b5 42. Ne3 Bxc2 43. Rxc2 Ra4 44. a8=Q Raxa8 45. Bxa8 Rxa8 46. g4
Rb8 47. Rb2 Kh7 48. f4 g5 49. f5 Kg7 50. Nd5 Ra8 51. Rxb5 Ra1+ 52. Kf2 Ra2+ 53.
Kf3 Rh2 54. f6+ Kg6 55. Rb8 Rd2 56. Rg8+ Kh6 57. Ne7 Kh7 58. Rxg5 1-0

[Event "European Youth Chess Championship B16"]
[Site "Prague, Top Hotel Prague"]
[Date "2012.08.20"]
[Round "4.37"]
[White "Walek, Petr"]
[Black "Cap, Adam"]
[Result "1/2-1/2"]
[WhiteElo "1952"]
[BlackElo "2074"]
[PlyCount "86"]
[EventDate "2012.08.17"]

1. e4 e5 2. Nf3 Nc6 3. Bb5 a6 4. Ba4 Nf6 5. O-O b5 6. Bb3 Be7 7. Re1 d6 8. c3
O-O 9. h3 Bb7 10. d4 Nb8 11. Nbd2 Nbd7 12. Bc2 Re8 13. Nf1 Bf8 14. Ng3 g6 15.
a4 c6 16. Bg5 h6 17. Be3 Qc7 18. Qe2 Bg7 19. dxe5 dxe5 20. b4 Rab8 21. c4 Nb6
22. cxb5 cxb5 23. axb5 axb5 24. Bd3 Nc4 25. Rec1 Rec8 26. Bxc4 bxc4 27. Bc5 Nd7
28. Rxc4 Nxc5 29. bxc5 Ra8 30. Rxa8 Rxa8 31. Qc2 Qc6 32. Kh2 f6 33. Rb4 Kh7 34.
Rb6 Qc7 35. Qb3 Bc6 36. Ne1 Rc8 37. Nd3 h5 38. Qc4 Ba8 39. Qa6 h4 40. Nf1 Bxe4
41. Rb4 Bxd3 42. Qxd3 e4+ 43. Qd6 Qxc5 1/2-1/2

[Event "European Youth Chess Championship B16"]
[Site "Prague, Top Hotel Prague"]
[Date "2012.08.20"]
[Round "4.38"]
[White "Sosovicka, Matej"]
[Black "Zakrzheuski, Vladislav"]
[Result "1-0"]
[WhiteElo "2040"]
[BlackElo "1849"]
[PlyCount "113"]
[EventDate "2012.08.17"]

1. e4 c6 2. d4 d5 3. Nc3 dxe4 4. Nxe4 Nd7 5. Bc4 Ngf6 6. Ng5 e6 7. Qe2 Nb6 8.
Bb3 h6 9. N5f3 c5 10. c3 Bd7 11. Bf4 Rc8 12. dxc5 Bxc5 13. Ne5 Qe7 14. Ngf3 a6
15. Nxd7 Nbxd7 16. O-O O-O 17. Rad1 Rfd8 18. h3 Rc6 19. Nd4 Bxd4 20. Rxd4 Nb6
21. Rxd8+ Qxd8 22. Rd1 Qe8 23. Qf3 e5 24. Be3 Qe7 25. Qe2 Qc7 26. Bc1 Nc4 27.
Bc2 b5 28. Qd3 Rd6 29. Qf3 e4 30. Qg3 Rxd1+ 31. Bxd1 Qxg3 32. fxg3 e3 33. Be2
Nd2 34. Bxd2 exd2 35. Kf2 Ne4+ 36. Ke3 Nxg3 37. Kxd2 Nxe2 38. Kxe2 Kf8 39. Kd3
Ke7 40. c4 Kd6 41. b4 bxc4+ 42. Kxc4 Kc6 43. a4 h5 44. h4 f6 45. Kd4 g5 46.
hxg5 fxg5 47. Ke5 h4 48. Kf5 Kd5 49. Kxg5 Kc4 50. b5 axb5 51. axb5 Kxb5 52.
Kxh4 Kc6 53. Kg5 Kd7 54. Kf6 Ke8 55. Kg7 Ke7 56. g4 Ke6 57. g5 1-0

[Event "European Youth Chess Championship B16"]
[Site "Prague, Top Hotel Prague"]
[Date "2012.08.20"]
[Round "4.39"]
[White "Krasovskiy, Kirill"]
[Black "Adamciak, Tomas"]
[Result "1-0"]
[WhiteElo "2024"]
[BlackElo "1839"]
[PlyCount "59"]
[EventDate "2012.08.17"]

1. e4 e5 2. Nf3 Nc6 3. d4 exd4 4. Nxd4 Nf6 5. Nc3 Bb4 6. Nxc6 bxc6 7. Bd3 d5 8.
exd5 cxd5 9. O-O O-O 10. Bg5 c6 11. Qf3 Be7 12. Rfe1 Rb8 13. Rab1 h6 14. Bf4
Bd6 15. h3 Be6 16. Ne2 c5 17. c3 Rb6 18. Ng3 Bxf4 19. Qxf4 Qb8 20. Qd2 Qb7 21.
b3 Ra8 22. Nf5 a5 23. Nxh6+ gxh6 24. Qxh6 Ne4 25. f3 Bf5 26. Qf4 Rg6 27. Qxf5
Nxc3 28. Ra1 c4 29. Qe5 d4 30. Bxg6 1-0

[Event "European Youth Chess Championship B16"]
[Site "Prague, Top Hotel Prague"]
[Date "2012.08.20"]
[Round "4.40"]
[White "Mcdonald, Ian"]
[Black "Skalicky, Tomas"]
[Result "1/2-1/2"]
[WhiteElo "1869"]
[BlackElo "2022"]
[PlyCount "64"]
[EventDate "2012.08.17"]

1. e4 g6 2. c4 Bg7 3. Nf3 c5 4. d4 cxd4 5. Nxd4 Nc6 6. Be3 Nf6 7. Nc3 O-O 8.
Be2 d6 9. O-O Bd7 10. Qd2 Nxd4 11. Bxd4 Bc6 12. Bf3 a5 13. Rfd1 Nd7 14. Bxg7
Kxg7 15. Qd4+ Kg8 16. Be2 Qb6 17. Qxb6 Nxb6 18. Nd5 Nxd5 19. cxd5 Bd7 20. Rac1
Rfc8 21. f4 h5 22. Kf2 b6 23. Rc3 Rc5 24. Rdc1 Rac8 25. Ke3 Kg7 26. Kd4 Rxc3
27. Rxc3 Rxc3 28. bxc3 Kf8 29. Bd3 Kg7 30. Be2 Kf8 31. Bd3 Kg7 32. Be2 Kf8
1/2-1/2

[Event "European Youth Chess Championship B16"]
[Site "Prague, Top Hotel Prague"]
[Date "2012.08.20"]
[Round "4.41"]
[White "Markoja, Sebastijan"]
[Black "Bocek, Tadeas"]
[Result "1-0"]
[WhiteElo "2018"]
[BlackElo "1830"]
[PlyCount "73"]
[EventDate "2012.08.17"]

1. e4 c5 2. Nf3 Nc6 3. d4 cxd4 4. Nxd4 g6 5. Nc3 Bg7 6. Be3 Nf6 7. Bc4 Qa5 8.
O-O O-O 9. Nb3 Qc7 10. Bg5 d6 11. Bxf6 exf6 12. Nb5 Qe7 13. Nxd6 Rd8 14. Nxc8
Raxc8 15. Qe2 Nd4 16. Nxd4 Rxd4 17. Bd3 f5 18. c3 Rd6 19. Rad1 Re8 20. f3 Be5
21. Bb5 Red8 22. Rxd6 Rxd6 23. f4 Bg7 24. e5 Rd8 25. Bc4 Kf8 26. Kh1 Bh6 27.
Qe3 b6 28. h3 Qd7 29. Qf2 Qe7 30. Re1 Bg7 31. Bb3 Qc5 32. Qe2 Qe7 33. Qc4 Rd7
34. e6 Rc7 35. Qd5 fxe6 36. Rxe6 Qd7 37. Rd6 1-0

[Event "European Youth Chess Championship B16"]
[Site "Prague, Top Hotel Prague"]
[Date "2012.08.20"]
[Round "4.42"]
[White "Oliver, Martin"]
[Black "Eggink, Mateusz"]
[Result "0-1"]
[WhiteElo "1838"]
[BlackElo "2013"]
[PlyCount "67"]
[EventDate "2012.08.17"]

1. d4 Nf6 2. c4 c5 3. d5 b5 4. cxb5 a6 5. bxa6 Bxa6 6. Nc3 d6 7. e4 Bxf1 8.
Kxf1 g6 9. g3 Bg7 10. Kg2 Nbd7 11. Nf3 O-O 12. Qc2 Nb6 13. a4 Qd7 14. Nd2 e6
15. Rd1 exd5 16. exd5 Nfxd5 17. Nxd5 Nxd5 18. Ne4 Qc6 19. Kg1 Nb4 20. Qc4 Rfd8
21. Bg5 Rd7 22. Nf6+ Bxf6 23. Bxf6 d5 24. Qf4 d4 25. Bg5 Nd5 26. Qe5 f6 27.
Bxf6 Qxf6 28. Qe2 Kg7 29. Qc4 Qd6 30. Rdc1 Ra5 31. Ra3 Nb6 32. Qe2 c4 33. Qd2
c3 34. Qc2 0-1

[Event "European Youth Chess Championship B16"]
[Site "Prague, Top Hotel Prague"]
[Date "2012.08.20"]
[Round "4.44"]
[White "Liduch, Filip"]
[Black "Medar, Marti"]
[Result "0-1"]
[WhiteElo "1683"]
[BlackElo "2000"]
[PlyCount "72"]
[EventDate "2012.08.17"]

1. e4 c5 2. Nf3 Nc6 3. d4 cxd4 4. Nxd4 Nf6 5. Nc3 e6 6. Be2 Bb4 7. Qd3 d5 8.
exd5 Nxd5 9. O-O Be7 10. Nxd5 exd5 11. Nxc6 bxc6 12. Qc3 O-O 13. Qxc6 Be6 14.
c3 Bd6 15. Qa4 Qc7 16. Qh4 Bf5 17. Rd1 Rfe8 18. Be3 Re4 19. Qh5 g6 20. Qh6 Bf8
21. Qg5 Be7 22. Qg3 Bd6 23. Qg5 h6 24. Qxh6 Bf8 25. Qg5 Be7 26. Qg3 Bd6 27. Qg5
f6 28. Qxf6 Bxh2+ 29. Kf1 Rxe3 30. fxe3 Rf8 31. Qg5 Qe5 32. Ke1 Bg3+ 33. Kd2 d4
34. Bd3 dxe3+ 35. Kc1 Bf4 36. Bc4+ Kg7 0-1

[Event "European Youth Chess Championship B16"]
[Site "Prague, Top Hotel Prague"]
[Date "2012.08.20"]
[Round "4.45"]
[White "De Vleeschauwer, Maarten"]
[Black "Melichar, Vojtech"]
[Result "1-0"]
[WhiteElo "1996"]
[BlackElo "1737"]
[PlyCount "71"]
[EventDate "2012.08.17"]

1. e4 c5 2. Nc3 Nc6 3. Bb5 Nd4 4. Bc4 e6 5. Nge2 Nf6 6. O-O a6 7. d3 b5 8. Bb3
Nxb3 9. axb3 Bb7 10. Bg5 Be7 11. f4 d6 12. f5 b4 13. Nb1 O-O 14. Ng3 e5 15. Nh5
d5 16. Bxf6 Bxf6 17. Qg4 Kh8 18. Nd2 dxe4 19. Nxe4 Bxe4 20. dxe4 Qb6 21. Kh1
Rad8 22. Qe2 Rd6 23. Nxf6 Rxf6 24. Rfd1 Rc6 25. Rd5 f6 26. Rad1 Qb5 27. Qg4 Rc7
28. h3 a5 29. Rd8 Rcf7 30. Qf3 Kg8 31. R8d5 Rc7 32. Qe3 Rfc8 33. Qd2 Kf8 34.
Rd8+ Kf7 35. Qd5+ Ke7 36. Qe6# 1-0

[Event "European Youth Chess Championship B16"]
[Site "Prague, Top Hotel Prague"]
[Date "2012.08.20"]
[Round "4.47"]
[White "Meisch, Tanguy"]
[Black "Binder, Moriz"]
[Result "1-0"]
[WhiteElo "1748"]
[BlackElo "1986"]
[PlyCount "79"]
[EventDate "2012.08.17"]

1. e4 e5 2. d4 exd4 3. Nf3 Nc6 4. Bc4 Bc5 5. c3 Nf6 6. cxd4 Bb4+ 7. Nc3 Nxe4 8.
O-O Bxc3 9. d5 Bf6 10. Re1 Ne7 11. Rxe4 d6 12. Bg5 Bxg5 13. Nxg5 h6 14. Qe2
hxg5 15. Re1 Be6 16. dxe6 f6 17. Re3 c6 18. Rh3 Rxh3 19. gxh3 g6 20. Qf3 Qa5
21. Qxf6 Qxe1+ 22. Bf1 O-O-O 23. Qxe7 Qe5 24. Bd3 Rg8 25. Qd7+ Kb8 26. e7 a6
27. Qd8+ Rxd8 28. exd8=Q+ Ka7 29. Bxg6 Qd5 30. Qf6 g4 31. h4 Qd1+ 32. Kg2 Qd5+
33. Kg3 Qd1 34. h5 Qg1+ 35. Kh4 Qxh2+ 36. Kxg4 Qg2+ 37. Kh4 Qh1+ 38. Kg5 Qc1+
39. f4 Qc5+ 40. Kh6 1-0

[Event "European Youth Chess Championship B16"]
[Site "Prague, Top Hotel Prague"]
[Date "2012.08.20"]
[Round "4.49"]
[White "Thorpe, Thomas"]
[Black "Popov, Kirill"]
[Result "0-1"]
[WhiteElo "1829"]
[BlackElo "2037"]
[PlyCount "84"]
[EventDate "2012.08.17"]

1. e4 e6 2. d4 d5 3. Nd2 c5 4. Ngf3 cxd4 5. exd5 Qxd5 6. Bc4 Qd6 7. O-O Nf6 8.
Nb3 Nc6 9. Nbxd4 Nxd4 10. Nxd4 a6 11. Bb3 Bd7 12. c3 Qc7 13. Bg5 O-O-O 14. Bxf6
gxf6 15. Qh5 Be8 16. Rad1 Qe5 17. Qh4 Bd6 18. f4 Qc5 19. Kh1 Rg8 20. Nxe6 fxe6
21. Bxe6+ Bd7 22. Bxg8 Rxg8 23. Qxf6 Kc7 24. Rd2 Rg6 25. Qf7 Qc6 26. Qxh7 Rg4
27. Qf7 Qe4 28. Qd5 Qg6 29. Rfd1 Bc6 30. Qxd6+ Qxd6 31. Rxd6 Bxg2+ 32. Kg1 Bd5+
33. Kf2 Kxd6 34. c4 Rxf4+ 35. Kg3 Rxc4 36. h4 Rc2 37. h5 Rxb2 38. h6 Rg2+ 39.
Kf4 Rg6 40. Rb1 Rxh6 41. Rb6+ Bc6 42. a4 Rh4+ 0-1

[Event "European Youth Chess Championship B16"]
[Site "Prague, Top Hotel Prague"]
[Date "2012.08.20"]
[Round "4.50"]
[White "Gruter, Martin"]
[Black "Ramsdal, Jens Albert"]
[Result "0-1"]
[WhiteElo "1811"]
[BlackElo "1943"]
[PlyCount "104"]
[EventDate "2012.08.17"]

1. d4 Nf6 2. c4 e6 3. Nc3 Bb4 4. Qc2 O-O 5. Bg5 c5 6. e3 b6 7. a3 Bxc3+ 8. Qxc3
Bb7 9. dxc5 bxc5 10. Bxf6 Qxf6 11. Qxf6 gxf6 12. Ne2 Na6 13. Nf4 Rfd8 14. Be2
Kf8 15. Bf3 Rab8 16. Nd3 Bxf3 17. gxf3 d5 18. b4 cxb4 19. Nxb4 Nxb4 20. axb4
dxc4 21. Rxa7 Rxb4 22. O-O Rbb8 23. Rc7 Rbc8 24. Rxc8 Rxc8 25. Rc1 Ke7 26. Kf1
c3 27. Ke2 c2 28. Kd2 f5 29. Rxc2 Rxc2+ 30. Kxc2 Kf6 31. Kd2 Kg5 32. Ke2 Kh4
33. Kf1 Kh3 34. Kg1 e5 35. Kh1 e4 36. f4 h5 37. Kg1 h4 38. Kh1 Kg4 39. Kg2 h3+
40. Kg1 Kf3 41. Kf1 f6 42. Ke1 Kg2 43. Ke2 Kxh2 44. Kf1 Kh1 45. f3 exf3 46. Kf2
Kh2 47. Kxf3 Kg1 48. e4 fxe4+ 49. Kxe4 h2 50. Kf5 h1=Q 51. Kxf6 Qh8+ 52. Kf7
Qh7+ 0-1

[Event "European Youth Chess Championship B16"]
[Site "Prague, Top Hotel Prague"]
[Date "2012.08.20"]
[Round "4.51"]
[White "Smith, Patrick L"]
[Black "Hanl, Frantisek"]
[Result "1-0"]
[WhiteElo "1771"]
[BlackElo "1911"]
[PlyCount "79"]
[EventDate "2012.08.17"]

1. e4 e6 2. d3 d5 3. Nd2 Nf6 4. Ngf3 c5 5. g3 Nc6 6. Bg2 Be7 7. O-O O-O 8. Re1
b5 9. e5 Nd7 10. Nf1 Qc7 11. Bf4 a5 12. h4 b4 13. N1h2 Rd8 14. Ng4 Bf8 15. h5
Ne7 16. h6 Ng6 17. Bg5 Re8 18. Qd2 Bb7 19. hxg7 Bxg7 20. Bf6 Nxf6 21. exf6 Bf8
22. Nh6+ Kh8 23. Qg5 d4 24. Ne5 Bxh6 25. Nxg6+ fxg6 26. Qxh6 Bxg2 27. Kxg2 Qf7
28. Rh1 Ra7 29. Qg5 Rc7 30. Rh4 e5 31. Rah1 Qd5+ 32. f3 Qg8 33. Rh6 c4 34. Rxg6
Qf8 35. dxc4 Rf7 36. Qh5 e4 37. f4 e3 38. Rg7 Rxg7 39. fxg7+ Kxg7 40. Qxh7+ 1-0

[Event "European Youth Chess Championship B16"]
[Site "Prague, Top Hotel Prague"]
[Date "2012.08.20"]
[Round "4.52"]
[White "Pricopie, Stefan"]
[Black "Vaculik, Jakub"]
[Result "0-1"]
[WhiteElo "1616"]
[BlackElo "1850"]
[PlyCount "80"]
[EventDate "2012.08.17"]

1. d4 Nf6 2. c4 c5 3. d5 b5 4. cxb5 a6 5. b6 Qxb6 6. Nc3 d6 7. e4 g6 8. Nf3 Bg4
9. Be2 Nbd7 10. Nd2 Bxe2 11. Qxe2 Bg7 12. O-O O-O 13. a4 Ne8 14. a5 Qb7 15. Nc4
Nc7 16. Na4 Nb5 17. Nab6 Nxb6 18. Nxb6 Rae8 19. Qg4 f5 20. Qh3 Nd4 21. Bh6 Bxh6
22. Qxh6 fxe4 23. Rae1 Rf7 24. Rxe4 Nb3 25. Ra4 Nxa5 26. Rxa5 Qxb6 27. Qd2 Ref8
28. f3 Rb8 29. Ra2 Rf5 30. Rfa1 Re5 31. Re1 Rxe1+ 32. Qxe1 Rb7 33. Qa1 Kf7 34.
Rxa6 Qxb2 35. Ra2 Qb1+ 36. Kf2 Qxa1 37. Rxa1 Rb2+ 38. Ke3 Rxg2 39. Rh1 Kf6 40.
Kf4 Ra2 0-1

[Event "European Youth Chess Championship B16"]
[Site "Prague, Top Hotel Prague"]
[Date "2012.08.20"]
[Round "4.54"]
[White "Aartun, Eivind"]
[Black "Chalabi, Max"]
[Result "1/2-1/2"]
[WhiteElo "1826"]
[BlackElo "1680"]
[PlyCount "93"]
[EventDate "2012.08.17"]

1. e4 e5 2. d4 exd4 3. c3 d5 4. exd5 Qxd5 5. cxd4 Nc6 6. Nf3 Bg4 7. Be2 O-O-O
8. Nc3 Bb4 9. O-O Qa5 10. Be3 Nf6 11. Qb3 Qh5 12. h3 Be6 13. Qa4 Qa5 14. Bb5
Bxc3 15. bxc3 Qxa4 16. Bxa4 Na5 17. Rfe1 Nd5 18. Bb3 Nxb3 19. axb3 Nxc3 20.
Rxa7 c6 21. Ng5 Bd5 22. Bf4 Rhe8 23. Be3 f5 24. Rea1 h6 25. Nf3 Bxf3 26. gxf3
f4 27. Bd2 Ne2+ 28. Kf1 g5 29. Ba5 Rd5 30. Ra8+ Kd7 31. Rxe8 Kxe8 32. Kxe2 Rxd4
33. Bc3 Rd5 34. Rd1 Rc5 35. Rd3 Rf5 36. Rd6 h5 37. Rh6 h4 38. Rh7 b5 39. b4 c5
40. bxc5 Rxc5 41. Kd3 Rd5+ 42. Ke4 Rc5 43. Kd4 Rc4+ 44. Kd3 Rc5 45. Kd4 Rc4+
46. Kd3 Rc5 47. Kd4 1/2-1/2